Z jakiego kraju pochodzą te kluby - Statystyki

Ogólne statystyki
  • Ten quiz został rozwiązany 163 razy
  • Średni wynik to 12 z 15
Statystyki odpowiedzi
Hint Odpowiedź % Poprawnych
Real Sociedad Hiszpania
99%
Olimpia Grudziądz Polska
99%
Galatasaray Turcja
94%
Victoria Köln Niemcy
93%
AZ Alkmaar Holandia
87%
Omonia Nicosia Cypr
85%
Paços de Ferreira Portugalia
85%
AFC Wimbledon Anglia
83%
Sturm Graz Austria
81%
New England Revolution USA
81%
Fluminense Brazylia
78%
Molde Norwegia
78%
Dinamo Tbilisi Gruzja
76%
Qarabag Azerbejdżan
68%
Atlas Meksyk
48%
Nie znaleziono quizów pasujących do podanych kryteriów
Rozkład punktacji
Procent ludzi z każdym wynikiem
Percentyl według liczby udzielonych odpowiedzi
Twoja historia wyników
Nie rozwiązałeś tego quizu